Top 10 Songs by Cinderella - Statistics

General Stats
  • This quiz has been taken 3 times
  • The average score is 2 of 10
Answer Stats
Hint Answer % Correct
2 Don't Know What You Got (Till It's Gone)
67%
3 Gypsy Road
33%
1 Nobody's Fool
33%
5 Somebody Save Me
33%
10 Bad Seamstress Blues / Fallin' Apart at the Seams
0%
6 Coming Home
0%
8 Hearbreak Station
0%
4 Shake Me
0%
7 Shelter Me
0%
9 The Last Mile
0%
No matching quizzes found
Score Distribution
Percent of People with Each Score
Percentile by Number Answered
Your Score History
You have not taken this quiz